Ethics and Social Responsibility (Record no. 7412)
[ view plain ]
| 000 -LEADER | |
|---|---|
| fixed length control field | 00756nam a22002297i 4500 |
| 003 - CONTROL NUMBER IDENTIFIER | |
| control field | URS |
| 005 - DATE AND TIME OF LATEST TRANSACTION | |
| control field | 20220114152737.0 |
| 008 - FIXED-LENGTH DATA ELEMENTS--GENERAL INFORMATION | |
| fixed length control field | 190128b ||||| |||| 00| 0 eng d |
| 020 ## - INTERNATIONAL STANDARD BOOK NUMBER | |
| International Standard Book Number | 9789814575393 |
| 040 ## - CATALOGING SOURCE | |
| Language of cataloging | eng |
| Description conventions | rda |
| Transcribing agency | URS Pililla Library |
| 082 00 - DEWEY DECIMAL CLASSIFICATION NUMBER | |
| Edition number | 3rd ed. |
| Classification number | 174 |
| Item number | Et3 2016 |
| 100 1# - MAIN ENTRY--PERSONAL NAME | |
| Personal name | Chan, Gary KY |
| Relator term | Author |
| 245 10 - TITLE STATEMENT | |
| Title | Ethics and Social Responsibility |
| Remainder of title | asian and western perspectives |
| Statement of responsibility, etc. | Gary KY Chan |
| 264 #1 - PRODUCTION, PUBLICATION, DISTRIBUTION, MANUFACTURE, AND COPYRIGHT NOTICE | |
| Place of production, publication, distribution, manufacture | Singapore |
| Name of producer, publisher, distributor, manufacturer | McGraw Hill Educ. |
| Date of production, publication, distribution, manufacture, or copyright notice | 2016. |
| 336 ## - CONTENT TYPE | |
| Content type term | text |
| Content type code | txt |
| Source | rdacontent |
| 337 ## - MEDIA TYPE | |
| Media type term | unmediated |
| Media type code | n |
| Source | rdamedia |
| 338 ## - CARRIER TYPE | |
| Carrier type term | volume |
| Carrier type code | nc |
| Source | rdacarrier |
| 300 ## - PHYSICAL DESCRIPTION | |
| Extent | xxviii, 684 pages: |
| Other physical details | illustration; |
| Dimensions | 21 cm. |
| 500 ## - GENERAL NOTE | |
| General note | includes bibliographical references and index |
| 700 1# - ADDED ENTRY--PERSONAL NAME | |
| Personal name | Shenoy. George TL. |
| Relator term | Author |
| 942 ## - ADDED ENTRY ELEMENTS (KOHA) | |
| Source of classification or shelving scheme | Dewey Decimal Classification |
| Koha item type | Foreign Books |
| Withdrawn status | Source of classification or shelving scheme | Damaged status | Not for loan | Collection code | Home library | Current library | Shelving location | Date acquired | Source of acquisition | Total Checkouts | Full call number | Barcode | Date last seen | Copy number | Price effective from | Koha item type |
|---|---|---|---|---|---|---|---|---|---|---|---|---|---|---|---|---|
| Dewey Decimal Classification | Non-fiction | Pililla College Library | Pililla College Library | General Stacks | 01/28/2019 | purchased | 174 Et3 2016 | URSPIL-6285 | 05/31/2019 | 1 | 01/28/2019 | Foreign Books |